000 00640nam a2200217Ii 4500
003 JO-AjNU
008 230606s9999||||xx |||||||||||||| ||und||
020 _a978-1-611957-93-2
040 _aJO-AjNU
_beng
_erda
_cJO-AjNU
041 _aeng
050 1 4 _aQA221.T73 2020
100 3 _aTrefethen, Lloyd N. ,
_eauthor
_96641
245 0 0 _aApproximation Theory and Approximation Practice
250 _aExtended Edituion
264 3 1 _aUnitrd Kingdom: Oxford, 2020
300 _a363p
336 _atext
_btxt
_2rdacontent
337 _aunmediated
_bn
_2rdamedia
338 _avolume
_bnc
_2rdacarrier
650 4 _aApproximation Theroy
_96642
999 _aE3447
_c3441
_d3441